| 000 | 01100cam a22003134i 4500 | ||
|---|---|---|---|
| 001 | 12186001 | ||
| 003 | EG-ScBUE | ||
| 005 | 20250428104231.0 | ||
| 008 | 000926t1992 nyua frb 001 0 eng | ||
| 020 | _a0780360397 | ||
| 020 | _a9780780360396 | ||
| 040 |
_aEG-ScBUE _beng _erda _cEG-ScBUE _dEG-ScBUE |
||
| 082 | 0 | 4 |
_a530.141 _222 _bLIN |
| 100 | 1 |
_aLindell, Ismo V. _eauthor _931399 |
|
| 245 | 1 | 0 |
_aMethods for electromagnetic field analysis / _cIsmo V. Lindell, Helsinki University of Technology. |
| 264 | 1 |
_aNew York : _bIEEE Press, _c[1992] |
|
| 264 | 4 | _cc1992 | |
| 300 |
_axii, 320 pages : _billustrations ; _c23 cm. |
||
| 336 |
_2rdacontent _atext _btxt |
||
| 337 |
_aunmediated _2rdamedia _bn |
||
| 338 |
_avolume _bnc _2rdacarrier |
||
| 490 | 0 | _aIEEE press series on electromagnetic wave theory | |
| 500 | _aOriginally published: New York : Oxford University Press, 1992. | ||
| 500 | _aIncludes Appendices. | ||
| 504 | _aIncludes bibliographical references and index. | ||
| 650 | 7 |
_aElectromagnetic fields _xMathematics. _931400 _2BUEsh |
|
| 655 | _vReading book | ||
| 942 |
_2ddc _cBB |
||
| 999 |
_c17094 _d17066 |
||